000 00781cam a2200205 4500
001 WB3704-11
008 000000n2001 000 0 eng u
035 _a(Sirsi) u110534
245 _aLots of potential
260 _c2001
490 _aGuardian
_v 24 January 2001, 8(1)
520 _aExamines the Living Over the Shop (Lots) initiative that is turning disused shop properties and their upper floors into residential accommodation. There is great potential for this scheme in helping to revive town centres and also in London where thousands of extra residential units could be created.
590 _aWB
650 _aLIVING OVER THE SHOP
650 _aURBAN REGENERATION
650 _aRETAIL PROPERTY
650 _aRESIDENTIAL USE
690 _aHOUSING
942 _n0
999 _c65889
_d65889